[Event "CRO-chT U16"]
[Site "Nasice"]
[Date "2017.12.29"]
[Round "5"]
[White "Bulic Braculj, Luka"]
[Black "Drempetic, Mario"]
[Result "1/2-1/2"]
[WhiteElo "1898"]
[BlackElo "1716"]
[PlyCount "101"]
[EventDate "2017.12.27"]
[EventType "team-tourn"]
[EventRounds "7"]
[EventCountry "CRO"]
[SourceTitle "EXT 2019"]
[Source "ChessBase"]
[SourceDate "2018.10.10"]
[SourceVersion "1"]
[SourceVersionDate "2018.10.10"]
[SourceQuality "1"]

1. d4 d5 2. c4 e6 3. Nf3 Nf6 4. g3 Be7 5. Bg2 Nbd7 6. 0-0 0-0 7. Qc2 c6 8. Nbd2 b6 9. e4 dxe4 10. Nxe4 Bb7 11. Rd1 Qc8 12. Nxf6+ Bxf6 13. c5 Be7 14. Be3 Nf6 15. Bg5 h6 16. Bxf6 Bxf6 17. h4 Qc7 18. Rac1 Rfd8 19. b4 b5 20. Qe2 a5 21. a3 axb4 22. axb4 Ra4 23. Qb2 Rda8 24. Ra1 R8a7 25. Ne5 Qc8 26. Rxa4 bxa4 27. Nc4 Qc7 28. Na5 Ra8 29. Qa2 Rd8 30. Qxa4 Rxd4 31. Rxd4 Bxd4 32. Nxc6 Bxc6 33. Qxc6 Qxg3 34. Qe8+ Kh7 35. Qxf7 Qxh4 36. c6 Qg5 37. Qxe6 Be5 38. Qc4 Qg6 39. f4 Bc7 40. Qe4 Qxe4 41. Bxe4+ Kg8 42. f5 Kf7 43. b5 Ke7 44. Kg2 Kd6 45. Kf3 Kc5 46. Bd3 Kb6 47. Kg4 Be5 48. Kh5 Bc3 49. Kg6 Bd4 50. Be4 Bc3 51. Bd3 1/2-1/2

[Event "CRO-chT U16"]
[Site "Nasice"]
[Date "2017.12.27"]
[Round "2"]
[White "Bulic Braculj, Luka"]
[Black "Haidinger, Erik"]
[Result "0-1"]
[WhiteElo "1898"]
[BlackElo "1746"]
[PlyCount "128"]
[EventDate "2017.12.27"]
[EventType "team-tourn"]
[EventRounds "7"]
[EventCountry "CRO"]
[SourceTitle "EXT 2019"]
[Source "ChessBase"]
[SourceDate "2018.10.10"]
[SourceVersion "1"]
[SourceVersionDate "2018.10.10"]
[SourceQuality "1"]

1. d4 Nf6 2. c4 e6 3. g3 d5 4. Nf3 Be7 5. Bg2 0-0 6. 0-0 c5 7. cxd5 exd5 8. e3 Nc6 9. Nc3 Bg4 10. dxc5 Bxc5 11. Na4 Ne4 12. Nxc5 Nxc5 13. h3 Bh5 14. b3 Ne4 15. Bb2 Re8 16. Qd3 Qd7 17. Rac1 Bxf3 18. Bxf3 Qxh3 19. Qxd5 Rad8 20. Qh5 Qxh5 21. Bxh5 g6 22. Bf3 Rd2 23. Rb1 Rc2 24. Rfc1 Rd2 25. Bxe4 Rxe4 26. Kf1 h5 27. Ke1 Rd5 28. Rd1 Rg5 29. Rbc1 Re8 30. Rd7 Rb5 31. Rcd1 a5 32. Bf6 Rf8 33. R1d6 a4 34. bxa4 Rb4 35. Bc3 Rc4 36. Kd2 Rxa4 37. Rxg6+ fxg6 38. Rg7+ Kh8 39. Rxb7+ Kg8 40. Rg7+ Kh8 41. Ra7+ Kg8 42. Rxa4 Rd8+ 43. Ke2 Rd5 44. Rc4 Ne7 45. Rc7 Nf5 46. e4 Nd4+ 47. Kd3 Nb5+ 48. exd5 Nxc7 49. d6 Ne6 50. Bf6 Kf7 51. Be5 Nd8 52. Kc4 Ke6 53. f4 g5 54. Kc5 h4 55. fxg5 h3 56. g6 Kxe5 57. g7 Ne6+ 58. Kc6 Nxg7 59. d7 Ne6 60. a4 h2 61. a5 h1Q+ 62. Kb6 Qa8 63. a6 Kd6 64. d8Q+ Nxd8 0-1

[Event "CRO-ch U15"]
[Site "Trogir"]
[Date "2016.06.26"]
[Round "9"]
[White "Cotic, Borna"]
[Black "Bulic Braculj, Luka"]
[Result "1-0"]
[WhiteElo "1918"]
[BlackElo "1804"]
[PlyCount "87"]
[EventDate "2016.06.21"]
[EventType "swiss"]
[EventRounds "9"]
[EventCountry "CRO"]
[SourceTitle "EXT 2017"]
[Source "ChessBase"]
[SourceDate "2016.10.25"]
[SourceVersion "1"]
[SourceVersionDate "2016.10.25"]
[SourceQuality "1"]

1. e4 c5 2. Nf3 g6 3. c4 Nc6 4. d4 cxd4 5. Nxd4 Nf6 6. Nc3 d6 7. Be2 Nxd4 8. Qxd4 Bg7 9. Be3 0-0 10. Qd2 Be6 11. Rc1 Qa5 12. f3 Rfc8 13. b3 a6 14. Na4 Qxd2+ 15. Kxd2 Nd7 16. g4 Rc6 17. h4 Nc5 18. Nc3 b5 19. Nd5 Bxd5 20. cxd5 Rcc8 21. Rc2 Nd7 22. Rhc1 Rxc2+ 23. Rxc2 Kf8 24. Rc6 Ke8 25. a4 bxa4 26. bxa4 a5 27. Bb5 Kd8 28. h5 Rc8 29. Rxc8+ Kxc8 30. Bxd7+ Kxd7 31. Kd3 Kc7 32. Kc4 e6 33. Kb5 Bc3 34. Bb6+ Kb7 35. Bxa5 Bd4 36. Bd8 e5 37. a5 Bc5 38. a6+ Ka7 39. Bc7 gxh5 40. gxh5 Ba3 41. Bb6+ Ka8 42. Kc6 Bb4 43. Bc7 Ka7 44. Bxd6 1-0

[Event "CRO-ch U15"]
[Site "Trogir"]
[Date "2016.06.25"]
[Round "8"]
[White "Bulic Braculj, Luka"]
[Black "Birkic, Josip"]
[Result "1-0"]
[WhiteElo "1804"]
[BlackElo "1575"]
[PlyCount "43"]
[EventDate "2016.06.21"]
[EventType "swiss"]
[EventRounds "9"]
[EventCountry "CRO"]
[SourceTitle "EXT 2017"]
[Source "ChessBase"]
[SourceDate "2016.10.25"]
[SourceVersion "1"]
[SourceVersionDate "2016.10.25"]
[SourceQuality "1"]

1. e4 e5 2. Nf3 Nc6 3. d4 exd4 4. Bc4 h6 5. Nxd4 Bc5 6. Bxf7+ Kxf7 7. Qh5+ g6 8. Qxc5 d6 9. Qd5+ Ke7 10. Nxc6+ bxc6 11. Qxc6 Bd7 12. Qc4 Nf6 13. Nc3 c6 14. 0-0 Qc8 15. Bf4 g5 16. Bg3 h5 17. Rad1 Ne8 18. Qd4 Rh6 19. f4 g4 20. f5 c5 21. Qd2 Rf6 22. Bh4 1-0

[Event "CRO-chT U16"]
[Site "Nasice"]
[Date "2015.12.28"]
[Round "4.1"]
[White "Makovec, Bruno"]
[Black "Bulic Braculj, Luka"]
[Result "1-0"]
[WhiteElo "2201"]
[BlackElo "1732"]
[PlyCount "103"]
[EventDate "2015.12.27"]
[EventType "team-tourn"]
[EventRounds "7"]
[EventCountry "CRO"]
[SourceTitle "EXT 2019"]
[Source "ChessBase"]
[SourceDate "2018.10.10"]
[SourceVersion "1"]
[SourceVersionDate "2018.10.10"]
[SourceQuality "1"]

1. Nf3 c5 2. c4 g6 3. g3 Bg7 4. Bg2 Nc6 5. 0-0 d6 6. Nc3 Nf6 7. Rb1 0-0 8. a3 a5 9. d3 e6 10. Be3 Rb8 11. h3 b6 12. d4 Bb7 13. dxc5 dxc5 14. Bf4 Rc8 15. Qb3 Nd7 16. Rfd1 e5 17. Bg5 f6 18. Bc1 Rb8 19. e3 Ba8 20. h4 Qe7 21. Nd5 Qf7 22. Bh3 f5 23. Ng5 Qe8 24. Nc7 Qe7 25. Nxa8 Rxa8 26. Qb5 Rac8 27. Bg2 e4 28. Bd2 Rfd8 29. Nh3 Na7 30. Qb3 Rb8 31. Nf4 Nf6 32. Qa4 Qe8 33. Qc2 Rd7 34. b4 axb4 35. axb4 Rbd8 36. bxc5 bxc5 37. Bf1 Qe7 38. Be2 Qf7 39. Ba5 Rxd1+ 40. Bxd1 Rc8 41. Bb6 Bf8 42. Ba5 Bg7 43. Be2 Nc6 44. Bc3 Rd8 45. Qa4 Qe8 46. Qa1 Qf7 47. Qa6 Qc7 48. Bxf6 Bxf6 49. Nd5 Qd6 50. Rb6 Nb8 51. Rxd6 Nxa6 52. Nxf6+ 1-0

[Event "CRO-chT U20 24th"]
[Site "Sv Filip i Jakov"]
[Date "2015.04.01"]
[Round "6.2"]
[White "Starcevic, Ante Leon"]
[Black "Bulic Braculj, Luka"]
[Result "1-0"]
[WhiteElo "1878"]
[BlackElo "1641"]
[PlyCount "93"]
[EventDate "2015.03.30"]
[EventType "team-tourn"]
[EventRounds "11"]
[EventCountry "CRO"]
[SourceTitle "CBM 165 Extra"]
[Source "ChessBase"]
[SourceDate "2015.04.21"]
[SourceVersion "1"]
[SourceVersionDate "2015.04.21"]
[SourceQuality "1"]

1. c4 c5 2. Nc3 g6 3. g3 Bg7 4. Bg2 Nc6 5. d3 d6 6. Nf3 e6 7. 0-0 Nge7 8. Rb1 0-0 9. Bf4 a6 10. Qd2 Nf5 11. a3 Qe7 12. b4 Ncd4 13. Nxd4 Nxd4 14. Bh6 Rb8 15. Bxg7 Kxg7 16. b5 axb5 17. Nxb5 Nxb5 18. Rxb5 f6 19. Rfb1 Rd8 20. Qa5 b6 21. Rxb6 Rxb6 22. Qxb6 d5 23. Rc1 d4 24. a4 Rd7 25. Rb1 Ra7 26. Qb8 Qc7 27. Qxc7+ Rxc7 28. Rb5 Bd7 29. Ra5 Kf7 30. h4 e5 31. Bd5+ Ke7 32. Ra8 Kd6 33. a5 Bc6 34. Ra6 Kd7 35. Bxc6+ Rxc6 36. Rxc6 Kxc6 37. Kg2 Kb7 38. f4 exf4 39. gxf4 h5 40. Kf3 f5 41. e4 dxe3 42. Kxe3 Ka6 43. d4 cxd4+ 44. Kxd4 Kxa5 45. Ke5 Kb4 46. Kf6 Kxc4 47. Kxg6 1-0

[Event "CRO-chT U16 9th"]
[Site "Krapinske Toplice"]
[Date "2014.12.29"]
[Round "5.23"]
[White "Bulic Braculj, Luka"]
[Black "Radojcic, Matko"]
[Result "1/2-1/2"]
[WhiteElo "1694"]
[BlackElo "1558"]
[PlyCount "60"]
[EventDate "2014.12.27"]
[EventType "team-tourn"]
[EventRounds "7"]
[EventCountry "CRO"]
[SourceTitle "EXT 2019"]
[Source "ChessBase"]
[SourceDate "2018.10.10"]
[SourceVersion "1"]
[SourceVersionDate "2018.10.10"]
[SourceQuality "1"]

1. d4 d5 2. c4 e6 3. Nc3 Nf6 4. cxd5 exd5 5. Bg5 Be7 6. e3 0-0 7. Bd3 h6 8. Bh4 Be6 9. Qc2 Nbd7 10. Nf3 Re8 11. 0-0 b6 12. Na4 Rc8 13. Ba6 Rb8 14. Rac1 Bd6 15. Bg3 Bxg3 16. hxg3 c5 17. dxc5 bxc5 18. Nxc5 Nxc5 19. Qxc5 Rxb2 20. Rc2 Ne4 21. Qc6 Bd7 22. Qc7 Qxc7 23. Rxc7 Bf5 24. Rxa7 Rxa2 25. Bb5 Rxa7 26. Bxe8 Bd7 27. Bxd7 Rxd7 28. Rd1 f5 29. Ne5 Rd6 30. g4 fxg4 1/2-1/2

[Event "CRO-chT U16 9th"]
[Site "Krapinske Toplice"]
[Date "2014.12.27"]
[Round "2.23"]
[White "Bencic, Vedran"]
[Black "Bulic Braculj, Luka"]
[Result "1-0"]
[WhiteElo "1541"]
[BlackElo "1694"]
[PlyCount "61"]
[EventDate "2014.12.27"]
[EventType "team-tourn"]
[EventRounds "7"]
[EventCountry "CRO"]
[SourceTitle "EXT 2019"]
[Source "ChessBase"]
[SourceDate "2018.10.10"]
[SourceVersion "1"]
[SourceVersionDate "2018.10.10"]
[SourceQuality "1"]

1. e4 c5 2. Nf3 g6 3. d4 cxd4 4. Nxd4 Nc6 5. Be3 Nf6 6. Nc3 Bg7 7. Bc4 0-0 8. 0-0 Nxe4 9. Nxe4 d5 10. Nxc6 bxc6 11. Bd3 dxe4 12. Bxe4 Qc7 13. c3 Ba6 14. Re1 Rfd8 15. Qf3 Rac8 16. Rad1 c5 17. Bf4 Qb6 18. b3 Rxd1 19. Rxd1 Qa5 20. c4 Qxa2 21. Bd5 e6 22. Bb7 Bxb7 23. Qxb7 Rf8 24. Rf1 Rd8 25. Qb5 Bd4 26. h3 Qe2 27. Bg3 f5 28. Qa5 Rd7 29. Re1 Qd3 30. Qa6 Qxb3 31. Qc8+ 1-0

[Event "CRO-ch U13"]
[Site "Kastel Stafilic"]
[Date "2014.06.27"]
[Round "9"]
[White "Smetisko, Josip"]
[Black "Bulic Braculj, Luka"]
[Result "1/2-1/2"]
[WhiteElo "1695"]
[BlackElo "1638"]
[PlyCount "90"]
[EventDate "2014.06.22"]
[EventType "swiss"]
[EventRounds "9"]
[EventCountry "CRO"]
[SourceTitle "CBM 161 Extra"]
[Source "ChessBase"]
[SourceDate "2014.08.29"]
[SourceVersion "1"]
[SourceVersionDate "2014.08.29"]
[SourceQuality "1"]

1. e4 c5 2. Nf3 g6 3. d4 cxd4 4. Nxd4 Nc6 5. Bc4 Bg7 6. Be3 Nf6 7. Nc3 0-0 8. Bb3 a5 9. a4 Ng4 10. Nxc6 Nxe3 11. Nxd8 Nxd1 12. Nxd1 Rxd8 13. c3 b6 14. Ne3 Kf8 15. 0-0-0 d6 16. Kc2 Bb7 17. f3 Rac8 18. Rhe1 Rc7 19. Nd5 Rc6 20. Nf4 Rdc8 21. Ne2 Ba6 22. Nd4 Rc5 23. Kb1 b5 24. axb5 Bxb5 25. Nxb5 Rxb5 26. Ba4 Rb6 27. Kc2 Rcb8 28. Rb1 e6 29. Red1 Ke7 30. h3 h5 31. Rd3 Be5 32. b3 Rc8 33. c4 Rb4 34. Rbd1 h4 35. Kd2 Rb7 36. Ke3 g5 37. Ke2 Rf8 38. Kf1 Rc7 39. R3d2 Rd8 40. Rd3 Bf4 41. Rd4 Kf6 42. Ke2 Kg6 43. Kf1 Rc5 44. R4d3 Bg3 45. R3d2 Kf6 1/2-1/2

[Event "CRO-ch U13"]
[Site "Kastel Stafilic"]
[Date "2014.06.26"]
[Round "8"]
[White "Bulic Braculj, Luka"]
[Black "Kolar, Mihael"]
[Result "1/2-1/2"]
[WhiteElo "1638"]
[BlackElo "1677"]
[PlyCount "83"]
[EventDate "2014.06.22"]
[EventType "swiss"]
[EventRounds "9"]
[EventCountry "CRO"]
[SourceTitle "CBM 161 Extra"]
[Source "ChessBase"]
[SourceDate "2014.08.29"]
[SourceVersion "1"]
[SourceVersionDate "2014.08.29"]
[SourceQuality "1"]

1. d4 d5 2. c4 c6 3. Nf3 Nf6 4. Nc3 e6 5. e3 Bd6 6. Bd3 h6 7. 0-0 Nbd7 8. b3 0-0 9. Bb2 Re8 10. Qc2 b6 11. Rfe1 Bb7 12. Rad1 Qc7 13. e4 dxe4 14. Nxe4 Nxe4 15. Bxe4 Nf6 16. Bd3 Be7 17. Ne5 Bd6 18. Rd2 Rad8 19. c5 Bxe5 20. dxe5 Nd5 21. a3 Kh8 22. h4 Qe7 23. g3 bxc5 24. Rc1 c4 25. bxc4 Nc7 26. c5 Rd7 27. Rcd1 Red8 28. Be4 Nd5 29. Qc4 Nc7 30. Rxd7 Rxd7 31. Rxd7 Qxd7 32. Qd3 Qxd3 33. Bxd3 Kg8 34. f4 g6 35. Kf2 h5 36. Kf3 Nd5 37. g4 hxg4+ 38. Kxg4 Kg7 39. Bc1 Ne7 40. h5 gxh5+ 41. Kxh5 Bc8 42. Kg5 1/2-1/2

[Event "CRO-ch U13"]
[Site "Kastel Stafilic"]
[Date "2014.06.25"]
[Round "7"]
[White "Bulic Braculj, Luka"]
[Black "Duda, Daniel1111"]
[Result "0-1"]
[WhiteElo "1638"]
[BlackElo "1637"]
[PlyCount "108"]
[EventDate "2014.06.22"]
[EventType "swiss"]
[EventRounds "9"]
[EventCountry "CRO"]
[SourceTitle "CBM 161 Extra"]
[Source "ChessBase"]
[SourceDate "2014.08.29"]
[SourceVersion "1"]
[SourceVersionDate "2014.08.29"]
[SourceQuality "1"]

1. d4 d5 2. Nf3 e6 3. c4 Nf6 4. Nc3 Nbd7 5. cxd5 exd5 6. Bg5 c6 7. e3 Bd6 8. Bd3 0-0 9. Qc2 h6 10. Bh4 a6 11. a4 b5 12. axb5 cxb5 13. Bxb5 Qc7 14. Bd3 Bb7 15. Bg3 Bxg3 16. hxg3 Qb6 17. Ke2 Rfe8 18. Rh4 Bc6 19. g4 Bb5 20. Nxb5 axb5 21. Rah1 Qe6 22. g5 Ng4 23. Bf5 Nxe3 24. Bxe6 Nxc2 25. Kd2 Rxe6 26. Kxc2 Re2+ 27. Kb3 Rxf2 28. gxh6 Rxg2 29. hxg7 Kxg7 30. Rg1 Rxg1 31. Nxg1 Ra4 32. Ne2 Kg6 33. Nc3 Kg5 34. Rh7 Rxd4 35. Rxf7 Nc5+ 36. Kc2 b4 37. Ne2 b3+ 38. Kc1 Rc4+ 39. Kb1 Rc2 40. Rf5+ Kxf5 41. Nd4+ Ke4 42. Nxc2 bxc2+ 43. Kxc2 Kd4 44. b4 Nb7 45. b5 Kc5 46. Kd3 Kxb5 47. Kd4 Kc6 48. Kd3 Kc5 49. Kc3 Nd6 50. Kd3 Nb5 51. Kc2 Kc4 52. Kd2 Na3 53. Ke2 Kc3 54. Ke1 Kc2 0-1